Language Quiz

Random Language or Letter Quiz

Word Pyramids Quiz Stats

Quiz Updated Aug 21, 2012

Challenge
Share
Tweet
Embed
Score 0/35 Timer 06:00
1 Play Today
% Correct
AT
98.5%
TAR
76.1%
OR
72.4%
LI
72.3%
LIE
72%
EAR
70.4%
KARATE
69.8%
RE
66.7%
RATE
65.9%
ISLE
65.8%
ROOM
64.8%
ROM
64.1%
US
64%
MORON
61.9%
SUE
59.2%
MORMON
56%
PARAKEET
51.4%
SILENCER
38.6%
% Correct
TAKER
36.1%
RUSE
33.9%
CARE
33.4%
LINES
32.8%
SENILE
32.1%
PARTAKE
30.5%
RULES
28.1%
CRATER
21.6%
LICENSE
17.2%
TRACE
12.6%
LECTURES
8.3%
ERRATIC
7.8%
RESULT
7.2%
COMMONER
4.6%
MONOMER
4.1%
CRITERIA
4.1%
CLUSTER
2.7%

You're not logged in!

Compare scores with friends on all Sporcle quizzes.
Join for Free
OR
Log In

You Might Also Like...

Show Comments

Extras

Top Quizzes Today


Score Distribution

Your Account Isn't Verified!

In order to create a playlist on Sporcle, you need to verify the email address you used during registration. Go to your Sporcle Settings to finish the process.

Report this User

Report this user for behavior that violates our Community Guidelines.

Details: